| 000 | 00396nam a2200145Ia 4500 | ||
|---|---|---|---|
| 008 | 220204s9999 xx 000 0 und d | ||
| 082 |
_a028.2875 _bBAS |
||
| 100 | _aHamielec, David R | ||
| 245 | 0 | _aEmulsion polymers and emulsion polymerization | |
| 260 |
_aWashington _bACS _c1981 |
||
| 490 | _aACS symposium series 165 | ||
| 650 | _aEmulsion polymerization | ||
| 700 | _aAlvin E | ||
| 942 | _cBK | ||
| 999 |
_c37307 _d37307 |
||